00653nam a2200181 a 45000010005000000030005000050050017000100080041000270400020000681100051000882450066001392600048002053000010002533100017002635000038002806100061003188560092003792873CDMR20241126133737.0130130s1936||||||||||||||||||||||||||||d aCDMRbcatcCDMR2 aAssociació de la Premsa de Manresa i Comarca10aMemòries c/ Associació de la Premsa de Manresa i Comarca a[Manresa : bTip. Artística, c1905?- ] a vol. aAnualb191-  aDescripció basada en: 1934-193520aAssociació de la Premsa de Manresa i ComarcavRevistes uhttps://arca.bnc.cat/arcabib_pro/ca/consulta/registro.do?id=2730zAccés lliure (ARCA)